Resource-oriented computing with NetKernel / (Record no. 23180)

MARC details
000 -LEADER
fixed length control field 00709cam a22002295a 4500
001 - CONTROL NUMBER
control field 17460499
005 - DATE AND TIME OF LATEST TRANSACTION
control field 20161117140326.0
008 - FIXED-LENGTH DATA ELEMENTS--GENERAL INFORMATION
fixed length control field 120912s2012 caua fr 000 0 eng d
020 ## - INTERNATIONAL STANDARD BOOK NUMBER
International Standard Book Number 9781449322526
040 ## - CATALOGING SOURCE
Original cataloging agency DLC
Language of cataloging eng
Transcribing agency DLC
Modifying agency DLC
-- EG-ScBUE
082 04 - DEWEY DECIMAL CLASSIFICATION NUMBER
Edition number 22
Classification number 005.3
Item number GEU
100 1# - MAIN ENTRY--PERSONAL NAME
Personal name Geudens, Tom.
245 10 - TITLE STATEMENT
Title Resource-oriented computing with NetKernel /
Statement of responsibility, etc Tom Geudens.
260 ## - PUBLICATION, DISTRIBUTION, ETC. (IMPRINT)
Place of publication, distribution, etc Sebastopol :
Name of publisher, distributor, etc O'Reilly,
Date of publication, distribution, etc c.2012.
300 ## - PHYSICAL DESCRIPTION
Extent xiv, 225 p. :
Other physical details ill. ;
Dimensions 24 cm.
650 #7 - SUBJECT ADDED ENTRY--TOPICAL TERM
Topical term or geographic name as entry element Software architecture.
Source of heading or term BUEsh
9 (RLIN) 29417
650 #7 - SUBJECT ADDED ENTRY--TOPICAL TERM
Topical term or geographic name as entry element Computer software
General subdivision Development.
Source of heading or term BUEsh
9 (RLIN) 11535
650 #7 - SUBJECT ADDED ENTRY--TOPICAL TERM
Topical term or geographic name as entry element Software engineering.
Source of heading or term BUEsh
9 (RLIN) 3832
651 ## - SUBJECT ADDED ENTRY--GEOGRAPHIC NAME
Source of heading or term BUEsh
653 ## - INDEX TERM--UNCONTROLLED
Resource For college Informatics and Computer Science
Arrived date list November2016
942 ## - ADDED ENTRY ELEMENTS (KOHA)
Source of classification or shelving scheme Dewey Decimal Classification
Holdings
Withdrawn status Item status Source of classification or shelving scheme Damaged status Not for loan Vendor Home library Current library Shelving location Date acquired Source of acquisition Cost, normal purchase price Serial Enumeration / chronology Total Checkouts Full call number Barcode Date last seen Cost, replacement price Koha item type
    Dewey Decimal Classification     Baccah Central Library Central Library Lower Floor 17/11/2016 Purchase 202.50 2000088   005.3 GEU 000034901 15/07/2025 253.13 Book - Borrowing